000 01144nam a22003130a 4500
001 PT12916
003 AR-LpoUNG
005 20210131232531.0
008 191001ss.f.||||ag |||||||||||||||||spa d
040 _aAR-LpoUNG
_bspa
_cAR-LpoUNG
_eaacr
041 _aspa
044 _aag
082 0 _a980.033 763pen
100 1 _aRomero, José Luis
245 1 3 _aEl pensamiento político de la derecha latinoamericana
260 _aBuenos Aires :
_bPaidós,
_cs.f..
300 _a177 p. :
_btbls., mapas
520 _aSumario: Cuestiones previas; Las raíces del pensamiento político de los grupos señoriales; El pensamiento político de los grupos señoriales y burgueses desde la independencia; El pensamiento político de las oligarquías liberalburguesas desde fines del siglo XIX; El pensamiento político del populismo desde la entreguerra.
650 4 _aASPECTOS POLITICOS
650 4 _aCOMPORTAMIENTO POLITICO
650 4 _aEXTREMISMO
650 4 _aIDEOLOGIAS POLITICAS
650 4 _aPARTICIPACION SOCIAL
650 4 _aPOLITICA
650 4 _aPOLITICOS
651 4 _aAmérica Latina
905 _a12916
942 _cLIB
999 _c16119
_d16119